000
00293nam a2200133Ia 4500
005
20251222143158.0
008
251222s9999||||xx |||||||||||||| ||spa||
020
_a
88-307-0729-5
082
_a
363.7/W98
245
0
_a
Futuro sostenibile.:
250
_a
2a.ed.
264
_b
EMI
942
_c
LIB
999
_c
12943
_d
12943